[Event "4th 4NCL Easter Congress"]
[Site "Holiday Inn Peterborough - West"]
[Date "2024.04.01"]
[Round "6"]
[Board "8"]
[White "Hristov, Georgi"]
[Black "Gordon, Tim"]
[Result "0-1"]
[WhiteElo "1661"]
[BlackElo "1500"]
[PlyCount "0"]
[EventDate "2024.03.29"]
[EventRounds "7"]
[EventCountry "ENG"]

1. d4 Nf6 2. Nf3 d5 3. e3 c5 4. b3 Nc6 5. Bb2 Bg4 6. Be2 e6 7. Nbd2 Be7 8. O-O O-O
9. c4 Rc8 10. Rc1 Qb6 11. h3 Bh5 12. Ne5 Bxe2 13. Qxe2 Nxe5 14. dxe5 Nd7 15. Nf3
Rfd8 16. Rfd1 Nf8 17. Nh2 d4 18. exd4 cxd4 19. Qe4 d3 20. Rxd3 Rxd3 21. Qxd3 Rd8
22. Qc2 Bc5 23. Nf3 Ng6 24. Ng5 Bxf2+ 25. Kh1 Be3 26. Nxf7 Bxc1 27. Nxd8 Bxb2 28.
Nxe6 Qxe6 29. Qxb2 Qxe5 30. Qf2 b6 31. a3 Qa1+ 32. Kh2 Qxa3 33. Qc2 Qd6+ 34. g3 Ne5
35. Qe2 Kf7 36. Qh5+ Ng6 37. Qf5+ Kg8 38. Qc8+ Nf8 39. h4 Qd2+ 40. Kh3 Qd7+ 41. Qxd7
Nxd7 42. Kg4 Nc5 43. b4 Nd3  0-1

[Event "4th 4NCL Easter Congress"]
[Site "Holiday Inn Peterborough - West"]
[Date "2024.04.01"]
[Round "6"]
[Board "9"]
[White "Zajaczkowski, Marek"]
[Black "Poliakov, Andrii"]
[Result "0-1"]
[WhiteElo "1656"]
[BlackElo "1241"]
[PlyCount "0"]
[EventDate "2024.03.29"]
[EventRounds "7"]
[EventCountry "ENG"]

1. f4 d5 2. Nf3 c5 3. e3 Nc6 4. b3 Bf5 5. Bb2 e6 6. Be2 Nf6 7. Nh4 Bg6 8. d3 Bd6
9. Nd2 d4 10. exd4 Nxd4 11. g3 Be7 12. Ndf3 Nh5 13. Nxg6 hxg6 14. Qd2 Nxe2 15. Qxe2
Nxg3 16. Qg2 Nxh1 17. O-O-O Bf6 18. Ne5 Qd5 19. Qxd5 exd5 20. Rxh1 Bxe5 21. fxe5
O-O-O 22. Kd2 d4 23. Ke2 Rde8 24. b4 Rxe5+ 25. Kd2 b6 26. c3 dxc3+ 27. Bxc3 Reh5
28. Ke3  0-1

[Event "4th 4NCL Easter Congress"]
[Site "Holiday Inn Peterborough - West"]
[Date "2024.04.01"]
[Round "6"]
[Board "10"]
[White "Fisher, Neal"]
[Black "Sartain, Patrick P"]
[Result "1-0"]
[WhiteElo "1694"]
[BlackElo "1642"]
[PlyCount "0"]
[EventDate "2024.03.29"]
[EventRounds "7"]
[EventCountry "ENG"]

1. d4 d5 2. Bf4 f6 3. e3 Bf5 4. Nc3 e6 5. a3 a6 6. g4 Bg6 7. h4 Bd6 8. h5 Bf7 9.
Qf3 Bxf4 10. Qxf4 g5 11. Qf3 h6 12. Bd3 Nc6 13. Nge2 Qd7 14. O-O-O O-O-O 15. e4 Kb8
16. exd5 exd5 17. Bf5 Qd6 18. Ng3 Nge7 19. Nce2 Rhe8 20. Kb1 Na5 21. Bd3 Nc4 22.
Bf5 Qb6 23. Qc3 Nxf5 24. gxf5 Rd6 25. Qb4 Qxb4 26. axb4 Rb6 27. c3 Nd6 28. Nc1 Re7
29. Nd3 Ka7 30. Nc5 Be8 31. Rde1 Rxe1+ 32. Rxe1 Bb5 33. Re7 Ne4 34. Ngxe4 dxe4 35.
Nxe4 Bd3+ 36. Kc1 Bxe4 37. Rxe4 Rb5 38. Re7 Rxf5 39. Rh7 Rxf2 40. Rxh6 Rh2 41. Rxf6
Rxh5 42. Rg6 Rh1+ 43. Kc2 Rh2+ 44. Kb3 Rg2 45. Kc4 b6 46. b3 Kb7 47. Rg7 Rg3 48.
d5 Rg4+ 49. Kd3 Rg3+ 50. Kc2 Rg2+ 51. Kb1 Rg1+ 52. Kb2 Rg2+ 53. Ka3 Kc8 54. c4 g4
55. c5 bxc5 56. bxc5 Rd2 57. c6 Kd8 58. Rg8+ Ke7 59. Rg7+ Kd6 60. Rd7+ Kc5 61. Rxc7
Rxd5 62. Rg7 Kxc6 63. Rxg4 a5 64. Ka4 Kb6 65. Rg6+ Kb7 66. Re6 Rc5 67. Re7+ Kb6 68.
Re8 Rc1 69. Re6+ Kc5 70. Re5+ Kb6 71. Rb5+ Ka6 72. Rxa5+ Kb7 73. Rb5+ Ka8 74. Kb4
Rc8  1-0

[Event "4th 4NCL Easter Congress"]
[Site "Holiday Inn Peterborough - West"]
[Date "2024.04.01"]
[Round "6"]
[Board "11"]
[White "Stokes, Richard"]
[Black "RoyChowdhury, Aashita"]
[Result "1-0"]
[WhiteElo "1690"]
[BlackElo "1579"]
[PlyCount "0"]
[EventDate "2024.03.29"]
[EventRounds "7"]
[EventCountry "ENG"]

1. e4 c6 2. d4 d5 3. f3 e6 4. Ne2 c5 5. c3 Nc6 6. e5 c4 7. Ng3 a6 8. Be2 Nge7 9.
O-O Ng6 10. f4 Be7 11. Bh5 Bh4 12. Qg4 Bxg3 13. Qxg3 Qh4 14. Qf3 Bd7 15. g3 Qe7 16.
b3 b5 17. bxc4 bxc4 18. Ba3 Qd8 19. Nd2 Rb8 20. f5 Ngxe5 21. dxe5 Nxe5 22. Bxf7+
Nxf7 23. fxe6 Bxe6 24. Rae1 Qd7 25. Qe3 Nd8 26. Qf4 Qa7+ 27. Kg2 Rb7 28. Qd6 Rf7
29. Rxe6+ Nxe6 30. Qxe6+ Re7 31. Qc8#  1-0

[Event "4th 4NCL Easter Congress"]
[Site "Holiday Inn Peterborough - West"]
[Date "2024.04.01"]
[Round "6"]
[Board "12"]
[White "Cuthbert, Larissa"]
[Black "Fraser, Chris A"]
[Result "1/2-1/2"]
[WhiteElo "1605"]
[BlackElo "1626"]
[PlyCount "0"]
[EventDate "2024.03.29"]
[EventRounds "7"]
[EventCountry "ENG"]

1. d4 Nf6 2. c4 e6 3. Nc3 Bb4 4. Qc2 Nc6 5. Nf3 d6 6. Bg5 h6 7. Bd2 O-O 8. e3 Qe7
9. Bd3 e5 10. dxe5 dxe5 11. Ne4 b6 12. O-O Bb7 13. a3 Bxd2 14. Nfxd2 Nb8 15. c5 Nxe4
16. Nxe4 Ba6 17. cxb6 Bxd3 18. Qxd3 cxb6 19. Rac1 Rd8 20. Qb1 Nd7 21. Rfd1 Nf6 22.
Nxf6+ Qxf6 23. Qe4 Qe7 24. Re1 Rac8 25. Rxc8 Rxc8 26. Rd1 Qc7 27. Qd3  1/2-1/2

[Event "4th 4NCL Easter Congress"]
[Site "Holiday Inn Peterborough - West"]
[Date "2024.04.01"]
[Round "6"]
[Board "13"]
[White "Kilambi, Aahna"]
[Black "Gilbert, David J"]
[Result "1/2-1/2"]
[WhiteElo "1571"]
[BlackElo "1683"]
[PlyCount "0"]
[EventDate "2024.03.29"]
[EventRounds "7"]
[EventCountry "ENG"]

1. c4 e5 2. Nc3 Nf6 3. g3 d5 4. cxd5 Nxd5 5. Bg2 Nb6 6. e3 Nc6 7. a3 a5 8. Nge2 Be7
9. O-O O-O 10. d4 exd4 11. exd4 Bg4 12. Be3 Nc4 13. Qc1 Nxe3 14. fxe3 Bg5 15. Qd2
Re8 16. Nf4 Qd7 17. Ncd5 Bxf4 18. Nxf4 Nd8 19. Qf2 c6 20. h3 Bf5 21. Kh2 Be4 22.
Rae1 Bxg2 23. Qxg2 Ne6 24. Nh5 Ng5 25. h4 Ne4 26. Rf4 Qe7 27. Ref1 Nd6 28. Rg4 Kh8
29. Rxg7 Qxe3 30. Qf2 Qe2 31. Rg5 Qxf2+ 32. Rxf2 Ne4 33. Rxf7 Nxg5 34. hxg5 Re2+
35. Kh3 Rae8 36. Rxb7  1/2-1/2

[Event "4th 4NCL Easter Congress"]
[Site "Holiday Inn Peterborough - West"]
[Date "2024.04.01"]
[Round "6"]
[Board "15"]
[White "Patel, Parisa"]
[Black "Dargue, Peter W"]
[Result "0-1"]
[WhiteElo "1467"]
[BlackElo "1584"]
[PlyCount "0"]
[EventDate "2024.03.29"]
[EventRounds "7"]
[EventCountry "ENG"]

1. e4 c6 2. d4 d5 3. exd5 cxd5 4. Nf3 Nf6 5. Nc3 Bg4 6. Bb5+ Nc6 7. Bg5 e6 8. h3
Bh5 9. g4 Bg6 10. Qd2 h6 11. Be3 Bb4 12. O-O-O Ne4 13. Qe1 Nxc3 14. bxc3 Ba3+ 15.
Kb1 Qb6 16. Qe2 a6 17. c4 axb5 18. cxb5 Na7 19. Ka1 Qxb5 20. Qxb5+ Nxb5 21. Rb1 Nd6
22. Ne1 O-O 23. Bf4 Rfc8 24. Bxd6 Bxd6 25. Rxb7 Rab8 26. Rb2 Ba3 27. Rb3 Rxb3 28.
axb3 Bxc2 29. Ka2 Ra8 30. Nxc2 Bd6+ 31. Kb2 g5 32. Ra1 Rxa1 33. Kxa1 f6 34. Ka2 Bh2
35. b4 Bg1 36. f3 e5 37. dxe5 fxe5 38. Kb3 Kf7 39. Ka4 Ke6 40. Ka5 e4 41. fxe4 dxe4
42. b5 Ke5 43. b6 Bxb6+ 44. Kxb6 Kf4 45. Nd4 e3 46. Nc2 e2 47. Kc6 Kg3 48. Kd6 Kxh3
49. Ke5 Kxg4 50. Ne3+ Kf3 51. Nc2 g4 52. Ne1+ Kf2 53. Kf4 Kxe1 54. Kxg4 Kf2 55. Kh5
e1=Q 56. Kxh6 Qe5 57. Kh7 Kg3 58. Kh6 Kg4 59. Kg6 Qf5+ 60. Kg7 Kg5 61. Kh8 Kg6 62.
Kg8 Qc8#  0-1

[Event "4th 4NCL Easter Congress"]
[Site "Holiday Inn Peterborough - West"]
[Date "2024.04.01"]
[Round "6"]
[Board "16"]
[White "Goldsmith, Jennifer"]
[Black "Morris, Nigel W"]
[Result "0-1"]
[WhiteElo "1561"]
[BlackElo "1651"]
[PlyCount "0"]
[EventDate "2024.03.29"]
[EventRounds "7"]
[EventCountry "ENG"]

1. c4 e5 2. Nc3 Nc6 3. Nf3 g6 4. e4 Bg7 5. d3 d6 6. Be2 Nge7 7. O-O O-O 8. a3 a5
9. Rb1 f5 10. Qb3 Kh8 11. Rd1 h6 12. Qc2 f4 13. g3 g5 14. b3 Ng6 15. Bb2 g4 16. Ne1
Nd4 17. Qd2 Nxb3 18. Qc2 Nd4 19. Qc1 fxg3 20. hxg3 Qf6 21. Qe3 h5 22. Nd5 Qf7 23.
Nc2 Nxc2  0-1

[Event "4th 4NCL Easter Congress"]
[Site "Holiday Inn Peterborough - West"]
[Date "2024.04.01"]
[Round "6"]
[Board "17"]
[White "Neville, Andy"]
[Black "Fletcher, Ben J"]
[Result "0-1"]
[WhiteElo "1503"]
[BlackElo "1605"]
[PlyCount "0"]
[EventDate "2024.03.29"]
[EventRounds "7"]
[EventCountry "ENG"]

1. e4 c5 2. Nf3 d6 3. c3 Nf6 4. d3 g6 5. Be2 Bg7 6. O-O O-O 7. Bg5 Nc6 8. Qd2 a6
9. a4 Bd7 10. Na3 Qc7 11. Nc4 b5 12. axb5 axb5 13. Ne3 Be6 14. Bf4 Na5 15. Qe1 Nb3
16. Nc2 Nxa1 17. Nxa1 Nd7 18. d4 cxd4 19. Nxd4 Bxd4 20. cxd4 Bc4 21. Bxc4 Qxc4 22.
Qc3 Qxc3 23. bxc3 Ra3 24. Rc1 Rfa8 25. Nc2 Rxc3 26. h4 Rac8 27. Rb1 Rxc2 28. Rxb5
f6 29. Rb7 R2c7 30. Rb3 h5 31. Rg3 Kf7 32. Rf3 Rg8 33. e5 dxe5 34. Bxe5 Rc4  0-1

[Event "4th 4NCL Easter Congress"]
[Site "Holiday Inn Peterborough - West"]
[Date "2024.04.01"]
[Round "6"]
[Board "19"]
[White "Hutchinson, Stephen A"]
[Black "Patel, Diah"]
[Result "0-1"]
[WhiteElo "1135"]
[BlackElo "1495"]
[PlyCount "0"]
[EventDate "2024.03.29"]
[EventRounds "7"]
[EventCountry "ENG"]

1. d4 d5 2. Nf3 Nf6 3. Bf4 Nc6 4. e3 g6 5. Nbd2 Bg7 6. Bd3 O-O 7. O-O Nh5 8. Be5
Nxe5 9. dxe5 f6 10. exf6 Nxf6 11. Re1 Qd6 12. e4 dxe4 13. Bc4+ Kh8 14. Nxe4 Nxe4
15. Rxe4 Bf5 16. Rh4 Bf6 17. Qxd6 cxd6 18. Rf4 e5 19. Rxf5 gxf5 20. Rd1 e4 21. Nd4
Bxd4 22. Rxd4 b6 23. Rxd6 Rad8 24. Rc6 Rd2 25. Rc7 Rxc2 26. Rxa7 Rxc4 27. b3 Rc1#
 0-1

[Event "4th 4NCL Easter Congress"]
[Site "Holiday Inn Peterborough - West"]
[Date "2024.04.01"]
[Round "7"]
[Board "1"]
[White "Bellano, Harry"]
[Black "Smith, Adam"]
[Result "1/2-1/2"]
[WhiteElo "1603"]
[BlackElo "1646"]
[PlyCount "0"]
[EventDate "2024.03.29"]
[EventRounds "7"]
[EventCountry "ENG"]

1. e4 c6 2. d4 d5 3. f3 Nf6 4. e5 Ng8 5. Bg5 Bf5 6. Ne2 Qb6 7. b3 e6 8. Nbc3 h6 9.
Bh4 Bb4 10. a3 Be7 11. Bxe7 Nxe7 12. Na4 Qc7 13. Ng3 Nd7 14. c4 Bg6 15. Bd3 Bxd3
16. Qxd3 O-O 17. O-O Rfd8 18. c5 b6 19. b4 bxc5 20. bxc5 Rab8 21. Rab1 Ng6 22. Ne2
Qa5 23. Nec3 Nf4 24. Qe3 Ng6 25. Qd3 Nh4 26. g3 Nf5 27. g4 Ne7 28. f4 f5 29. h3 Rxb1
30. Rxb1 Rb8 31. Rxb8+ Nxb8 32. Qb1 Qc7 33. Kf2 Nd7 34. Kf3 Ng6 35. Kg3 Nf6 36. gxf5
Nh5+ 37. Kg4 Ngxf4 38. fxe6 Qe7 39. Qf5 g6 40. Qf7+ Qxf7 41. exf7+ Kxf7 42. Kf3 Ne6
43. Ne2  1/2-1/2

[Event "4th 4NCL Easter Congress"]
[Site "Holiday Inn Peterborough - West"]
[Date "2024.04.01"]
[Round "7"]
[Board "2"]
[White "Dhingra, Kanvansh"]
[Black "Homer, Neil S"]
[Result "1-0"]
[WhiteElo "1609"]
[BlackElo "1693"]
[PlyCount "0"]
[EventDate "2024.03.29"]
[EventRounds "7"]
[EventCountry "ENG"]

1. e4 c6 2. d4 d5 3. exd5 cxd5 4. c3 Qc7 5. f4 Nf6 6. Nf3 Bg4 7. h3 Bxf3 8. Qxf3
Nc6 9. Bb5 e6 10. O-O Bd6 11. Nd2 O-O 12. g4 g6 13. Bd3 Rad8 14. Rf2 Nd7 15. Nf1
Nb6 16. h4 f5 17. g5 Rf7 18. Ng3 Bf8 19. h5 Rdd7 20. Rh2 Nc8 21. Be3 Nd6 22. Kg2
Ne4 23. Rah1 Rg7 24. Kf1 Bd6 25. Rh3 Kf8 26. Ne2 Ne7 27. hxg6 Nxg6 28. Rh6 Ke8 29.
Ke1 Kd8 30. Kd1 Kc8 31. Kc1 Kb8 32. Kb1 a6 33. Rc1 Qb6 34. Ka1 Bf8 35. Rhh1 Rc7 36.
Ng3 Nxg3 37. Qxg3 Rc6 38. Qf2 Rgc7 39. Be2 Ka8 40. Bh5 Bd6 41. Bxg6 hxg6 42. Rh6
Rg7 43. Rh8+  1-0

[Event "4th 4NCL Easter Congress"]
[Site "Holiday Inn Peterborough - West"]
[Date "2024.04.01"]
[Round "7"]
[Board "3"]
[White "Griffin-Young, Sebastian"]
[Black "Cheng, Wing"]
[Result "1-0"]
[WhiteElo "1576"]
[BlackElo "1649"]
[PlyCount "0"]
[EventDate "2024.03.29"]
[EventRounds "7"]
[EventCountry "ENG"]

1. c4 Nf6 2. Nc3 g6 3. g3 Bg7 4. Bg2 O-O 5. e4 d6 6. Nge2 e5 7. d4 Nbd7 8. h3 exd4
9. Nxd4 Ne5 10. b3 c6 11. O-O Nh5 12. Be3 Qc7 13. Qd2 Re8 14. g4 Nf6 15. f4 Ned7
16. Rad1 Nc5 17. Qc2 Qe7 18. Rfe1 Nfd7 19. b4 Ne6 20. b5 Nxd4 21. Bxd4 Nb6 22. Bxg7
Kxg7 23. Qd2 Be6 24. bxc6 bxc6 25. Qxd6 Qxd6 26. Rxd6 Bxc4 27. Rxc6 Rac8 28. Rxc8
Rxc8 29. e5 Be6 30. Nb5 a6 31. Nd6 Rc2 32. f5 gxf5 33. gxf5 Bxa2 34. e6 fxe6 35.
fxe6 Nc8 36. Nf5+ Kf8 37. e7+ Nxe7 38. Nxe7 Bc4 39. Nf5 Bd3 40. Nd4 Rc4 41. Ne6+
Kf7 42. Bd5 Rc3 43. Nf4+ Kg7 44. Re3 Rc1+ 45. Kf2 Bb5 46. Re7+ Kh6 47. Be4 Kg5 48.
Nd5 h6 49. Rg7+ Kh4 50. Ne3 Bc6 51. Rg4+ Kxh3 52. Bf5 Rc5 53. Rc4+ Rxf5+ 54. Nxf5
 1-0

[Event "4th 4NCL Easter Congress"]
[Site "Holiday Inn Peterborough - West"]
[Date "2024.04.01"]
[Round "7"]
[Board "5"]
[White "Loyden, Gary"]
[Black "Jerome, Stellio"]
[Result "1/2-1/2"]
[WhiteElo "1647"]
[BlackElo "1674"]
[PlyCount "0"]
[EventDate "2024.03.29"]
[EventRounds "7"]
[EventCountry "ENG"]

1. c4 f5 2. g3 Nf6 3. Nc3 e6 4. Bg2 Be7 5. d3 O-O 6. e4 fxe4 7. dxe4 e5 8. Nf3 d6
9. O-O Nc6 10. h3 Be6 11. b3 h6 12. Re1 Qd7 13. Kh2 Nd4 14. Nxd4 exd4 15. Nd5 Nxd5
16. cxd5 Bxh3 17. Rf1 Bxg2 18. Kxg2 Bf6 19. Bb2 Qe8 20. Qd3 Qh5 21. Bxd4 Bxd4 22.
Qxd4 Qf3+ 23. Kg1 Rae8 24. Rae1 Re5 25. Qe3 Qg4 26. Kg2 Rh5 27. Rh1 Rg5 28. Qe2 Qf4
29. Qe3 Qe5 30. Rh4 Rg6 31. f4 Qf6 32. Rh5 Qxf4 33. Qxf4 Rxf4 34. e5 dxe5 35. Rhxe5
Rd4 36. Re8+ Kh7 37. Rf1 Rd2+ 38. Rf2 Rxf2+ 39. Kxf2 Ra6 40. a4 Rd6 41. Re7  1/2-1/2

[Event "4th 4NCL Easter Congress"]
[Site "Holiday Inn Peterborough - West"]
[Date "2024.04.01"]
[Round "7"]
[Board "6"]
[White "Gordon, Tim"]
[Black "Sahoo, Shivam"]
[Result "1-0"]
[WhiteElo "1500"]
[BlackElo "1553"]
[PlyCount "0"]
[EventDate "2024.03.29"]
[EventRounds "7"]
[EventCountry "ENG"]

1. d4 d5 2. c4 e6 3. Nc3 Bb4 4. Nf3 c6 5. Bf4 h6 6. e3 Nf6 7. Bd3 Nbd7 8. O-O O-O
9. cxd5 exd5 10. h3 Re8 11. Qe2 Nh5 12. Bh2 Nb6 13. a3 Bf8 14. Rac1 Bd6 15. Bxd6
Qxd6 16. Ne5 g6 17. g4 Ng7 18. f4 f5 19. Kf2 Be6 20. Nxg6 Qd7 21. Rg1 Kh7 22. Ne5
Qe7 23. g5 Kg8 24. gxh6 Qh4+ 25. Rg3 Qxh6 26. Rcg1 Re7 27. Qc2 Rf8 28. Ng6 Ref7 29.
Nxf8 Rxf8 30. Rxg7+ Qxg7 31. Rxg7+ Kxg7 32. Kf3 Kf6 33. Qh2 Rh8 34. h4 Nc8 35. Ne2
Nd6 36. Ng3 Ne4 37. Bxe4 dxe4+ 38. Ke2 Bf7 39. h5 Rh7 40. Qh4+ Ke6 41. Qg5  1-0

[Event "4th 4NCL Easter Congress"]
[Site "Holiday Inn Peterborough - West"]
[Date "2024.04.01"]
[Round "7"]
[Board "7"]
[White "Prabhakaran, Anvikkashri"]
[Black "Fisher, Neal"]
[Result "0-1"]
[WhiteElo "1210"]
[BlackElo "1694"]
[PlyCount "0"]
[EventDate "2024.03.29"]
[EventRounds "7"]
[EventCountry "ENG"]

1. d4 d5 2. c4 Nf6 3. Nc3 c6 4. Bf4 e6 5. e3 Qb6 6. Qc2 Be7 7. Nf3 h6 8. Bd3 Qd8
9. O-O Na6 10. cxd5 Nb4 11. Qd2 Nxd3 12. Qxd3 exd5 13. e4 dxe4 14. Nxe4 O-O 15. a3
Nd5 16. Bd2 Be6 17. Ne5 Bf6 18. Nxf6+ Qxf6 19. Qg3 Rfe8 20. Ng4 Bxg4 21. Qxg4 Qe6
22. Qg3 Qf6 23. Qg4 Kh7 24. Rad1 Re6 25. Qh3 Rae8 26. Qd3+ Qg6 27. Qh3 Re2 28. Rfe1
Qc2 29. Qf3 Qxd2 30. Qf5+ Kg8 31. h3 Rxe1+ 32. Rxe1 Qxe1+ 33. Kh2 Qe4  0-1

[Event "4th 4NCL Easter Congress"]
[Site "Holiday Inn Peterborough - West"]
[Date "2024.04.01"]
[Round "7"]
[Board "8"]
[White "Poliakov, Andrii"]
[Black "Stokes, Richard"]
[Result "1-0"]
[WhiteElo "1241"]
[BlackElo "1690"]
[PlyCount "0"]
[EventDate "2024.03.29"]
[EventRounds "7"]
[EventCountry "ENG"]

1. d4 d5 2. Bf4 e6 3. c4 Bd6 4. Bg3 Bxg3 5. hxg3 dxc4 6. e4 Nc6 7. d5 exd5 8. exd5
Nce7 9. Bxc4 Nf6 10. Nc3 Qd6 11. Nge2 Bd7 12. Qd4 Nf5 13. Qd3 O-O-O 14. O-O-O Rhe8
15. Bb5 Bxb5 16. Qxb5 Ne4 17. Nxe4 Rxe4 18. Qd3 Rde8 19. Nc3 Qc5 20. Kb1 R4e5 21.
f4 Nxg3 22. Qxg3 Re3 23. Qxg7 Qb4 24. Rxh7 Re1 25. Rh1 Rxh1 26. Rxh1 Qxf4 27. g3
Qf3 28. Rc1 Qd3+ 29. Ka1 Qd2 30. Rb1 Re1 31. Qf8+ Kd7 32. Qxf7+ Kd6 33. Qe6+ Kc5
34. Qf7 Kd6 35. Qf4+ Qxf4 36. gxf4  1-0

[Event "4th 4NCL Easter Congress"]
[Site "Holiday Inn Peterborough - West"]
[Date "2024.04.01"]
[Round "7"]
[Board "10"]
[White "Butler, Rene"]
[Black "Hristov, Georgi"]
[Result "0-1"]
[WhiteElo "1524"]
[BlackElo "1661"]
[PlyCount "0"]
[EventDate "2024.03.29"]
[EventRounds "7"]
[EventCountry "ENG"]

1. b4 e5 2. Bb2 d6 3. c4 Nf6 4. e3 Be7 5. Be2 Be6 6. a3 O-O 7. Nf3 Nbd7 8. d3 h6
9. O-O Nh7 10. Nbd2 Ndf6 11. h3 Qd7 12. Rc1 b6 13. Qc2 Rfc8 14. Nh2 Ng5 15. Ndf3
Nfh7 16. Nxg5 Nxg5 17. Bg4 f5 18. Bh5 Kh7 19. Bf3 Nxf3+ 20. Nxf3 Bf6 21. c5 b5 22.
Rfd1 Bd5 23. e4 Be6 24. exf5 Bxf5 25. g4 Bxg4 26. d4+ Bf5 27. Qe2 Bxh3 28. Nh2 Qf5
29. Rc3 Bh4 30. Rdd3 Qg6+ 31. Rg3 Bxg3 32. fxg3 Qb1+ 33. Rc1 Qg6 34. Rc3 Rf8 35.
g4 Bxg4 36. Nxg4 h5 37. Rh3 Kg8 38. Rg3 Rf4 39. Qg2 Raf8 40. Qd5+ Kh7 41. Qg2 Rxg4
42. Rxg4 Qxg4 43. dxe5 Qxg2+ 44. Kxg2 dxe5 45. Bxe5 c6 46. Kg3 g5 47. Bc7 Kg6  0-1

[Event "4th 4NCL Easter Congress"]
[Site "Holiday Inn Peterborough - West"]
[Date "2024.04.01"]
[Round "7"]
[Board "11"]
[White "Morris, Nigel W"]
[Black "Wallman, James"]
[Result "1/2-1/2"]
[WhiteElo "1651"]
[BlackElo "1647"]
[PlyCount "0"]
[EventDate "2024.03.29"]
[EventRounds "7"]
[EventCountry "ENG"]

1. Nf3 Nc6 2. d4 d5 3. c4 e6 4. Nc3 Nf6 5. Bg5 dxc4 6. e3 h6 7. Bh4 a6 8. Bxc4 Bb4
9. O-O O-O 10. Qe2 Be7 11. Rfd1 b5 12. Bb3 g5 13. Bg3 Na5 14. Bc2 Bd7 15. Ne5 Be8
16. e4 b4 17. Na4 Bb5 18. Qf3 h5 19. h3 h4 20. Bh2 Nh7 21. Nc5 Bxc5 22. dxc5 Qe7
23. Qe3 Kg7 24. b3 f6 25. Nd3 Nc6 26. Rac1 Rad8 27. Bb1 Nd4 28. Nxb4 a5 29. Rxd4
Rxd4 30. Qxd4 Rd8 31. Qc3 axb4 32. Qxb4 Bc6 33. Qe1 Nf8 34. b4 e5 35. Rd1 Ne6 36.
Rxd8 Qxd8 37. f3 Nd4 38. Kh1 Qa8 39. Qd2 Qa6 40. Qe1 Bb5 41. Qd2 Bc6 42. Bd3 Bb5
43. Bxb5 Qxb5 44. Bg1 Qf1 45. Qf2 Qd1 46. Kh2 Qc1 47. Qe3 Qb2 48. a3 Qa1 49. Qd2
c6 50. a4 Kf7 51. a5 Ke7 52. Bf2 Kd7 53. a6 Kc7 54. Qd3 Kb8 55. g3 hxg3+ 56. Kxg3
Ka7 57. Kg2 Qb2 58. Kg1 Qxb4 59. Bxd4 exd4 60. Qc2 Kxa6 61. Kf2 Kb5 62. Ke2 Qxc5
63. Qxc5+ Kxc5 64. Kd3 Kd6 65. Kxd4 c5+ 66. Kc4 Kc6 67. Kd3 Kd6 68. Kc4 Kc6 69. Kd3
Kd6 70. Kc4 Kc6 71. Kd3  1/2-1/2

[Event "4th 4NCL Easter Congress"]
[Site "Holiday Inn Peterborough - West"]
[Date "2024.04.01"]
[Round "7"]
[Board "12"]
[White "Gilbert, David J"]
[Black "Cuthbert, Larissa"]
[Result "1-0"]
[WhiteElo "1683"]
[BlackElo "1605"]
[PlyCount "0"]
[EventDate "2024.03.29"]
[EventRounds "7"]
[EventCountry "ENG"]

1. c4 Nf6 2. Nc3 e6 3. e4 d5 4. e5 Nfd7 5. d4 c6 6. Be2 Be7 7. Nf3 f6 8. cxd5 cxd5
9. O-O Nc6 10. exf6 Bxf6 11. Re1 O-O 12. Bf4 Nb6 13. Bg3 Bd7 14. Bb5 Ne7 15. Qe2
Bc8 16. Bd3 Nc6 17. Rad1 Kh8 18. Bb1 Nc4 19. Nb5 Bd7 20. b3 Nb6 21. Nc7 Rc8 22. Nxe6
Bxe6 23. Qxe6 Re8 24. Qh3 h6 25. Qf5 Kg8 26. Qh7+ Kf8 27. Qh8+ Kf7 28. Qh7 Ne7 29.
Ne5+ Bxe5 30. Bxe5 Rg8 31. Bf4 Kf8 32. Qd3 Kf7 33. Qf3 Ke8 34. Bg6+ Kd7 35. Qg4+
Kc6 36. Qe6+ Kb5 37. Bd3+ Ka5 38. Bd2+  1-0

[Event "4th 4NCL Easter Congress"]
[Site "Holiday Inn Peterborough - West"]
[Date "2024.04.01"]
[Round "7"]
[Board "13"]
[White "Sartain, Patrick P"]
[Black "Kilambi, Aahna"]
[Result "1-0"]
[WhiteElo "1642"]
[BlackElo "1571"]
[PlyCount "0"]
[EventDate "2024.03.29"]
[EventRounds "7"]
[EventCountry "ENG"]

1. e4 e6 2. d4 d5 3. e5 c5 4. c3 Bd7 5. Nf3 Nc6 6. Be2 cxd4 7. cxd4 Bb4+ 8. Bd2 Bxd2+
9. Nbxd2 Nge7 10. g4 Ng6 11. Nb3 Nf4 12. Qd2 Nxe2 13. Qxe2 Ne7 14. O-O-O a5 15. Nc5
Qc7 16. Kb1 b6 17. Nxd7 Qxd7 18. Rc1 b5 19. Rc2 a4 20. Rhc1 Rc8 21. Rxc8+ Nxc8 22.
Rc5 Na7 23. Qc2 Qd8 24. Rc7 Qb8 25. Ng5 Rf8 26. Qc5 Qd8 27. Rxa7 Qxg5 28. Qc6+ Kd8
29. Qd7#  1-0

[Event "4th 4NCL Easter Congress"]
[Site "Holiday Inn Peterborough - West"]
[Date "2024.04.01"]
[Round "7"]
[Board "14"]
[White "RoyChowdhury, Aashita"]
[Black "Graeme, Matthew"]
[Result "1-0"]
[WhiteElo "1579"]
[BlackElo "1156"]
[PlyCount "0"]
[EventDate "2024.03.29"]
[EventRounds "7"]
[EventCountry "ENG"]

1. e4 d5 2. exd5 Nf6 3. Nf3 Nxd5 4. Bc4 Bf5 5. d3 g6 6. Bxd5 Qxd5 7. Nc3 Qa5 8. Bd2
c5 9. Qe2 Nc6 10. Ne4 Qb6 11. Bc3 Nd4 12. Bxd4 cxd4 13. b3 Bg7 14. Nfd2 O-O 15. O-O
Qc6 16. Rac1 Rac8 17. Nf3 Qa6 18. a4 b5 19. axb5 Qxb5 20. Ng3 Rxc2 21. Qxc2 Bxd3
22. Qb2 Bxf1 23. Nxf1 d3 24. Qa2 a5 25. N3d2 Qb4 26. Qa4 Bc3 27. Qxb4 axb4 28. Rd1
f5 29. Nc4 Rd8 30. g3 e5 31. Nfd2 e4 32. Kg2 Kf7 33. f3 Ke6 34. fxe4 fxe4 35. Nxe4
Rd4 36. Nc5+ Kd5 37. Nxd3 Ke4 38. Nf2+ Kd5 39. Rxd4+ Bxd4 40. Kf3 Ke6 41. Nd3 Kf5
42. Nxb4  1-0

[Event "4th 4NCL Easter Congress"]
[Site "Holiday Inn Peterborough - West"]
[Date "2024.04.01"]
[Round "7"]
[Board "16"]
[White "Raj Konwar, Daryan"]
[Black "Goldsmith, Jennifer"]
[Result "1/2-1/2"]
[WhiteElo "1362"]
[BlackElo "1561"]
[PlyCount "0"]
[EventDate "2024.03.29"]
[EventRounds "7"]
[EventCountry "ENG"]

1. c4 c6 2. g3 d5 3. cxd5 cxd5 4. d4 Nc6 5. Bg2 Nf6 6. Nc3 Bf5 7. Bg5 e6 8. e3 h6
9. Bxf6 Qxf6 10. Nge2 a6 11. Qb3 Na5 12. Qb6 Qd8 13. Qxd8+ Rxd8 14. Nf4 Nc4 15. b3
Nb6 16. a3 Rc8 17. Kd2 Be7 18. Bf3 O-O 19. g4 Bh7 20. h4 Nd7 21. Nfe2 Rfd8 22. a4
Nf8 23. Rag1 f6 24. Bg2 Rd6 25. f4 Rcd8 26. Bf3 b6 27. g5 fxg5 28. hxg5 hxg5 29.
fxg5 Bf5 30. Ng3 Bg6 31. Bh5 Rc6 32. Bxg6 Nxg6 33. Na2 Rdc8 34. Kd3 Rc2 35. Ra1 Rb2
36. Rhb1 Rg2 37. Rg1 Rb2 38. Rgb1 Rbc2 39. Ne2 R2c7 40. Nec3 Bd6 41. Rf1 Ne7 42.
Rfc1 e5 43. e4 exd4 44. Kxd4 Bc5+ 45. Kd3 Ba3 46. Rc2 dxe4+ 47. Kxe4 Bd6 48. Rd1
Rc6 49. Ke3 Be5 50. Rdc1 Ng6 51. Ke4 Bf4 52. Rf1 Bxg5 53. Nb4 Rxc3 54. Rxc3 Rxc3
55. Rg1 Rc5  1/2-1/2

[Event "4th 4NCL Easter Congress"]
[Site "Holiday Inn Peterborough - West"]
[Date "2024.04.01"]
[Round "7"]
[Board "17"]
[White "Fletcher, Ben J"]
[Black "Zajaczkowski, Marek"]
[Result "1/2-1/2"]
[WhiteElo "1605"]
[BlackElo "1656"]
[PlyCount "0"]
[EventDate "2024.03.29"]
[EventRounds "7"]
[EventCountry "ENG"]

1. e4 Nf6 2. e5 Nd5 3. d4 d6 4. c4 Nb6 5. f4 dxe5 6. fxe5 Nc6 7. Be3 Bf5 8. a3 e6
9. Nc3 Be7 10. Nf3 O-O 11. Bd3 Bxd3 12. Qxd3 f6 13. exf6 Bxf6 14. O-O-O Na5 15. Nd2
Qd7 16. Nce4 Rad8 17. Nxf6+ Rxf6 18. Bg5 Qxd4 19. Qxd4 Rxd4 20. Bxf6 gxf6 21. Rhf1
Kf7 22. Rf3 h5 23. Rh3 Kg6 24. Re1 Nbxc4 25. Nxc4 Rxc4+ 26. Rc3 Rxc3+ 27. bxc3 e5
28. Kc2 Kf5 29. Rd1 Nc4 30. Kb3 b5 31. Rd7 e4 32. Rxc7 e3 33. Re7 Kf4 34. Kc2 Nxa3+
35. Kd3 Nc4 36. Rxa7 Ne5+ 37. Ke2 Ng4 38. Re7 Nxh2 39. Rxe3 Ng4 40. Rh3 Kg5 41. Kf3
f5 42. Rh1 f4 43. g3 fxg3 44. Kxg3 Nf6 45. Kh3 Ne4 46. Rg1+ Kf5 47. Kh4 Nxc3 48.
Rg5+ Ke4  1/2-1/2